000 00559nam a2200205Ia 4500
003 IN-BaIIA
008 211028s9999 xx 000 0 eng d
020 _a978-0-074-60315-4
040 _cIIA Library
080 _a531
_bRAN
100 _aRana, Narayan Chandra
_917596
245 0 _aClassical mechanics
_cNarayan Chandra Rana and P. S. Joag
250 _a32nd rep.
260 _aNew Delhi
_bTata McGraw-Hill
_c2012
300 _aXX, 607p.
650 _aMechanics
650 _aPhysics
_973
700 _aJoag, Pramod Sharadchandra
_935513
942 _cBK
999 _c18483
_d18483